000 00254nam a2200085Ia 4500
245 0 _aContemporary corporate finance
100 _a McGuigan, James R. Mason, Ohio, (2009) 11th ed
_9100682
942 _cBK
008 210818s9999 xx 000 0 und d
999 _c433038
_d433037